| 000 | 00635nam a22001937a 4500 | ||
|---|---|---|---|
| 003 | OSt | ||
| 005 | 20180116183030.0 | ||
| 008 | 151218b xxu||||| |||| 00| 0 eng d | ||
| 020 | _a03-843-2011-1 | ||
| 024 | _203-843-2011-1 | ||
| 040 | _cLahore LUMS | ||
| 082 | _a 174.4 LUM 2011 | ||
| 100 | _aShazib E. Shaikh | ||
| 245 |
_a RETAIL IT DECISIONS AT JAY-KAYS - LEVARAGING THE STYLO SHOES EXPERIENCE _cShazib E. Shaikh |
||
| 260 |
_aLahore LUMS _b Lahore University of Management Sciences _c2011 |
||
| 300 |
_a29 p. _bPapers |
||
| 440 | _aRETAIL IT DECISIONS AT JAY-KAYS - LEVARAGING THE STYLO SHOES EXPERIENCE | ||
| 942 |
_2ddc _cCS |
||
| 999 |
_c350982 _d350982 |
||